[Event "HCL-C203"]
[Site "www.playchess.de"]
[Date "2001.04.20"]
[Round "18"]
[White "Martinio"]
[Black "foxzy"]
[WhiteElo "1331"]
[BlackElo "768"]
[PlyCount "73"]
[Result "1-0"]

1.d4 d5 2.c4 dxc4 3.Nf3 Nf6 4.e3 Qd5 5.Nc3 Qc6 
6.Ne5 Qd6 7.Bxc4 e6 8.Qf3 Be7 9.O-O O-O 10.Bd2 
Nbd7 11.Nd3 c6 12.Rac1 Rb8 13.Ne2 b5 14.Bb4 c5 
15.dxc5 Qc7 16.Bb3 a5 17.Bc3 a4 18.Bd1 Bb7 19.c6 
Qd6 20.e4 Bxc6 21.Bb4 Bxe4 22.Bxd6 Bxf3 23.Bxe7 
Bxe2 24.Bxe2 Rfe8 25.Bd6 Rb6 26.Bc7 Rb7 27.Bf3 Ra7 
28.Rfe1 g6 29.Bf4 e5 30.Nxe5 Nxe5 31.Rxe5 Rd8 
32.Bg5 Ra6 33.Rxb5 Re8 34.Be3 a3 35.b3 Nd7 36.Bc6 
Re7 37.Rb7 1-0

[Event "ACL-A094"]
[Site "www.playchess.de"]
[Date "2001.04.20"]
[Round "3"]
[White "edanomil"]
[Black "lottalove"]
[WhiteElo "1500"]
[BlackElo "1500"]
[PlyCount "32"]
[Result "0-1"]

1.e4 {good luck}  e5 2.f4 exf4 3.Nf3 Nf6 4.Nc3 Be7 
5.d4 Nh5 6.Bc4 Bh4+ 7.Kf1 d6 8.Ne2 Bg5 9.g3 Bg4 
10.Nxg5 Qxg5 11.Qd2 Nc6 12.Nxf4 Nxf4 13.d5 Ne5 
14.Bb3 Bh3+ 15.Kf2 Ng4+ 16.Kg1 
O-O-O 0-1

[Event "HCL-C211"]
[Site "www.playchess.de"]
[Date "2001.04.20"]
[Round "20"]
[White "pgschumy"]
[Black "nikolayk"]
[WhiteElo "1051"]
[BlackElo "1029"]
[PlyCount "115"]
[Result "1-0"]

1.e4 {zdrasti!}  e5 2.Nf3 Nc6 3.Bb5 Qf6 4.Bxc6 
Qxc6 5.O-O d5 6.Nxe5 Qe6 7.Re1 Be7 8.exd5 Qxd5 
9.Nc3 Qd8 10.d4 Nf6 11.Bg5 O-O 12.h3 Nd5 13.Bxe7 
Nxe7 14.a4 Bf5 15.Ra3 Rc8 16.g4 Bg6 17.Nxg6 fxg6 
18.Ne4 Qd5 19.Ng3 Qg5 20.Rf3 Nc6 21.c3 Rce8 
22.Rxf8+ Kxf8 23.Qf3+ Qf6 24.Rxe8+ Kxe8 25.Qxf6 
gxf6 26.Ne4 Ke7 27.Kf1 Na5 28.Ke2 Ke6 29.b4 Nc4 
30.Nc5+ Kd5 31.Nxb7 f5 32.gxf5 gxf5 33.f3 Nb6 
34.a5 Na4 35.Kd3 Nb2+ 36.Kc2 Nc4 37.Nc5 c6 38.Nd7 
h6 39.Nf6+ Ke6 40.Nh5 Ne3+ 41.Kd3 Nd5 42.h4 a6 
43.Kc4 Kd7 44.Ng3 Ne7 45.Kc5 Kc7 46.h5 f4 47.Ne2 
Nd5 48.c4 Nf6 49.b5 Nxh5 50.bxa6 Nf6 51.Nxf4 Nd7+ 
52.Kb4 {Viarvash li 4e tazi partua ne e 1:0?}  Kb8 
53.d5 Ne5 54.Kc5 Ka7 55.dxc6 Nxc6 56.Kxc6 Kxa6 
57.c5 Kxa5 58.Kb7 1-0

[Event "HCL-E026"]
[Site "www.playchess.de"]
[Date "2001.04.20"]
[Round "12"]
[White "minkin72"]
[Black "Fox"]
[WhiteElo "2034"]
[BlackElo "2000"]
[PlyCount "25"]
[Result "1-0"]

1.e4 e6 2.d4 d5 3.e5 c5 4.c3 Nc6 5.Nf3 Qb6 6.a3 a5 
7.Bd3 Bd7 8.O-O cxd4 9.cxd4 Nxd4 10.Nxd4 Qxd4 
11.Nc3 Nh6 12.Nb5 Qb6 13.Be3 1-0

[Event "HCL-B212"]
[Site "www.playchess.de"]
[Date "2001.04.20"]
[Round "18"]
[White "ulibear"]
[Black "DIG"]
[WhiteElo "1136"]
[BlackElo "1500"]
[PlyCount "130"]
[Result "0-1"]

1.Nf3 Nf6 2.d4 Nc6 3.Bg5 Ne4 4.Bh4 f6 5.Nbd2 d5 
6.e3 {the Kiev variation??}  Bg4 7.Be2 g5 8.Bg3 
Nxg3 9.fxg3 Qd7 10.h3 Bf5 11.Nb3 b6 12.Qd2 {no 
talking preferred??}  g4 13.hxg4 Bxg4 14.O-O-O a6 
15.Nh4 Bxe2 16.Qxe2 h5 17.Ng6 {from kiev or from 
odessa??}  Rh6 18.Nxf8 Kxf8 19.Rxh5 Rxh5 20.Qxh5 
Qe6 21.Qh6+ Kf7 22.Qh7+ Kf8 23.Kd2 Rd8 24.Rf1 Ke8 
25.Nc1 Kd7 26.a3 Kc8 27.Qf5 Qxf5 28.Rxf5 Na5 29.b3 
Nb7 30.c4 dxc4 31.bxc4 Nd6 32.Rf2 Nxc4+ 33.Kd3 Nd6 
34.g4 Rg8 35.Rf4 c5 36.dxc5 bxc5 37.Ne2 c4+ 38.Kc3 
e5 39.Rf1 Rxg4 40.g3 Ne4+ 41.Kc2 {good black 
moves}  Rg7 42.Rh1 f5 43.Rh6 Nxg3 44.Nc3 Kb7 
45.Re6 e4 46.Na4 Nf1 47.Nc5+ Kc7 48.Rxa6 Rg1 
49.Ne6+ Kc8 50.Kc3 Nxe3 51.Kd4 Rg3 52.Ra7 Nc2+ 
53.Kc5 Rxa3 54.Rxa3 {must hope for the best}  Nxa3 
55.Kb4 Nc2+ 56.Kxc4 {drawish??}  Ne3+ 57.Kd4 
{Remis, Ivan?}  Ng4 {Alles?}  58.Nf4 {einen Gewinn 
lass ich mir zeigen}  Kd7 59.Ne2 {was meinst Du 
mit "Alles?"??}  Ke6 60.Nf4+ Kf6 61.Nh3 e3 62.Nf4 
Kg5 63.Ne6+ Kh4 64.Kd3 Kg3 {Das ist alles 
kaput,Ulibear!}  65.Nd4 {scheint so :-)}  
Kf2 0-1

[Event "HCL-A101"]
[Site "www.playchess.de"]
[Date "2001.04.20"]
[Round "2"]
[White "Felix"]
[Black "THE-WARRIOR"]
[WhiteElo "1683"]
[BlackElo "1314"]
[PlyCount "77"]
[Result "1-0"]

1.d4 d5 2.c4 e6 3.Nc3 Nf6 4.Bg5 Be7 5.cxd5 exd5 
6.e3 O-O 7.Bd3 c6 8.Qc2 h6 9.Bh4 Re8 10.Nge2 Ne4 
11.Bxe7 Qxe7 12.Nf4 Bf5 13.Nce2 Qd7 14.h3 Nd6 
15.O-O Na6 16.a3 Rac8 17.b4 Nc7 18.Bxf5 Qxf5 
19.Qxf5 Nxf5 20.a4 Ne6 21.Nd3 f6 22.Rfc1 Nd6 
23.Nb2 Ne4 24.Rc2 Nd6 25.Rac1 Re7 26.Nc3 Kf7 
27.Nxd5 Ree8 28.Nc3 Nc7 29.Nb1 Na6 30.Nd3 Nb8 
31.Nd2 a6 32.Nc5 b6 33.Ncb3 Nb7 34.d5 Nd8 35.Nc4 
Nb7 36.Nxb6 Rc7 37.dxc6 Nd8 38.b5 Re5 
39.Na8 1-0

[Event "HCL-B229"]
[Site "www.playchess.de"]
[Date "2001.04.20"]
[Round "3"]
[White "German04"]
[Black "Michael"]
[WhiteElo "1198"]
[BlackElo "929"]
[PlyCount "86"]
[Result "0-1"]

1.e4 e5 2.Nf3 d6 3.Nc3 b6 4.Bb5+ c6 5.Bc4 b5 6.Bb3 
b4 7.Ne2 d5 8.Nxe5 Be6 9.exd5 cxd5 10.Nd4 Bc5 
11.Qf3 Bxd4 12.Qf4 Bc5 13.O-O g5 14.Qg3 h5 15.d3 
h4 16.Qf3 g4 17.Ba4+ Nd7 18.Bxd7+ Qxd7 19.Nxd7 
Kxd7 20.Qf4 h3 21.g3 Bd6 22.Qd4 Rh5 23.a3 Be5 
24.Qxb4 Rc8 25.Qb7+ Rc7 26.Qb5+ Rc6 27.Bf4 a6 
28.Qb7+ Bc7 29.Bxc7 Rxc7 30.Qxa6 Re5 31.Rac1 Nh6 
32.c4 Nf5 33.cxd5 Bxd5 34.Qb5+ Kd6 35.Rxc7 Kxc7 
36.Rc1+ Kd8 37.Qb6+ Ke7 38.Rc7+ Kf8 39.f4 gxf3 
40.d4 Re1+ 41.Kf2 Re2+ 42.Kf1 Ne3+ 43.Kg1 
f2+ 0-1

[Event "HCL-B215"]
[Site "www.playchess.de"]
[Date "2001.04.20"]
[Round "17"]
[White "daniela"]
[Black "terrydean"]
[WhiteElo "1321"]
[BlackElo "1341"]
[PlyCount "36"]
[Result "0-1"]

1.e4 {Hello, I wish an interesting game.}  e5 2.f4 
exf4 3.Nf3 d5 4.exd5 Nf6 5.Bc4 Bd6 6.O-O O-O 7.d4 
Nbd7 8.Nc3 Re8 9.Nb5 Nb6 10.Nxd6 Qxd6 11.Bb3 Nbxd5 
12.Ne5 Be6 13.Bxf4 Nxf4 14.Rxf4 Bxb3 15.axb3 c5 
16.c3 cxd4 17.cxd4 Qb6 18.g4 Rxe5 0-1

[Event "HCL-C236"]
[Site "www.playchess.de"]
[Date "2001.04.20"]
[Round "15"]
[White "guerino"]
[Black "trebli"]
[WhiteElo "1134"]
[BlackElo "1000"]
[PlyCount "45"]
[Result "1-0"]

1.e4 e5 2.Nf3 Nc6 3.Bb5 b6 4.O-O Bc5 5.c3 a5 6.d4 
exd4 7.cxd4 Bxd4 8.Nxd4 Nf6 9.Bg5 O-O 10.Nxc6 dxc6 
11.Bxc6 Ba6 12.Re1 h6 13.Bxf6 Qxf6 14.Bxa8 Rxa8 
15.Nc3 Bb7 16.f3 Rd8 17.Qe2 Qd4+ 18.Kf1 Ba6 
19.Qxa6 Re8 20.Qe2 Rd8 21.Rad1 Qf6 22.Rxd8+ Qxd8 
23.Rd1 1-0

[Event "HCL-C228"]
[Site "www.playchess.de"]
[Date "2001.04.20"]
[Round "31"]
[White "Yurispb"]
[Black "yaroslav"]
[WhiteElo "1000"]
[BlackElo "1005"]
[PlyCount "79"]
[Result "1-0"]

1.e4 e5 2.f4 exf4 3.Nf3 d5 4.exd5 Ne7 5.Bb5+ Bd7 
6.Qe2 a6 7.Bxd7+ Qxd7 8.c4 a5 9.d4 Ra6 10.Bxf4 h6 
11.Nc3 g5 12.Be5 Rg8 13.Nb5 c6 14.Nc7+ Kd8 15.d6 
Nf5 16.Nxa6 Nxa6 17.c5 Nb4 18.Bf6+ Be7 19.Bxe7+ 
Nxe7 20.Qxe7+ Qxe7+ 21.dxe7+ Kxe7 22.Kd2 Rd8 23.a3 
g4 24.Nh4 Rxd4+ 25.Kc3 Rf4 26.axb4 axb4+ 27.Kb3 f5 
28.Rhf1 Rxf1 29.Rxf1 Kf6 30.Rxf5+ Kg7 31.Kxb4 Kh7 
32.Ka5 Kg7 33.Kb6 Kh7 34.Kxb7 h5 35.Kxc6 Kg7 
36.Kd7 Kh6 37.Ke6 Kg7 38.c6 Kh6 39.Kf7 Kh7 
40.Rxh5+ 1-0

[Event "HCL-B234"]
[Site "www.playchess.de"]
[Date "2001.04.20"]
[Round "5"]
[White "rafita"]
[Black "Nulnulnix"]
[WhiteElo "1418"]
[BlackElo "1061"]
[PlyCount "57"]
[Result "1/2-1/2"]

1.e4 e5 2.Nf3 Nc6 3.Bb5 a6 4.Ba4 b5 5.Bb3 Bb7 
6.O-O Nd4 7.Nxe5 Nh6 8.c3 Nxb3 9.Qxb3 Qf6 10.d4 
Bd6 11.Nf3 Qg6 12.Nbd2 O-O 13.Re1 Ng4 14.e5 Be7 
15.a4 Bg5 16.Qd1 Bxd2 17.Bxd2 Nh6 18.Qe2 f6 
19.Bxh6 Qxh6 20.axb5 axb5 21.Qxb5 Bxf3 22.gxf3 
Rxa1 23.Rxa1 Qg6+ 24.Kh1 Qf5 25.Qd5+ Kh8 26.Ra8 
Qb1+ {Very good idea !}  27.Kg2 Qg6+ 28.Kf1 Qb1+ 
29.Kg2 1/2-1/2

[Event "HCL-C237"]
[Site "www.playchess.de"]
[Date "2001.04.20"]
[Round "7"]
[White "dlarryjr"]
[Black "guerino"]
[WhiteElo "1000"]
[BlackElo "1134"]
[PlyCount "36"]
[Result "0-1"]

1.e4 c5 2.Nf3 d6 3.Bc4 Nc6 4.c3 Nf6 5.d3 a6 6.Nbd2 
Bg4 7.O-O e6 8.Qa4 b5 9.Bxb5 axb5 10.Qxb5 Qc7 
11.e5 Nd7 12.b4 cxb4 13.d4 bxc3 14.Rb1 cxd2 
15.Nxd2 dxe5 16.d5 Nd4 17.Qb7 Qxb7 18.Rxb7 
exd5 0-1

[Event "ACL-A131"]
[Site "www.playchess.de"]
[Date "2001.04.20"]
[Round "1"]
[White "Venezuela"]
[Black "liero2"]
[WhiteElo "795"]
[BlackElo "1500"]
[PlyCount "29"]
[Result "1-0"]

1.e4 {GOOD LUCK!}  e5 2.Nf3 d6 3.d4 exd4 4.Nxd4 
Nf6 5.Nc3 Qe7 6.f3 Bd7 7.Bg5 h6 8.Bxf6 Qxf6 9.f4 
a6 10.Qe2 Be7 11.g3 Qxd4 12.Rd1 Qb6 13.Nd5 Qc6 
14.Qc4 Qxc4 15.Bxc4 1-0

[Event "HCL-B240"]
[Site "www.playchess.de"]
[Date "2001.04.20"]
[Round "13"]
[White "Inge_Heumann"]
[Black "rafita"]
[WhiteElo "1895"]
[BlackElo "1418"]
[PlyCount "59"]
[Result "1-0"]

1.e4 {Hello! Hope we`ll have a nice game}  c6 
{thanks! good luck}  2.d4 d5 3.e5 Bf5 4.f4 e6 
5.Nf3 c5 6.c3 Nc6 7.Bd3 Bxd3 8.Qxd3 Qa5 9.O-O Nh6 
10.Be3 c4 11.Qe2 Be7 12.Bf2 Kd7 13.Bh4 Nf5 14.Bxe7 
Nfxe7 15.Ng5 Raf8 16.Nd2 h6 17.Nh3 Qd8 18.b3 b5 
19.Rfb1 a6 20.bxc4 dxc4 21.a4 b4 22.Nxc4 Nf5 
23.cxb4 Ncxd4 24.Qd3 Ke7 25.Rbd1 Qa8 26.Nd6 Nh4 
27.Ra2 Ndf3+ 28.gxf3 Nxf3+ 29.Kf2 Nxh2 
30.Nf5+ 1-0

[Event "HCL-C241"]
[Site "www.playchess.de"]
[Date "2001.04.20"]
[Round "17"]
[White "Venezuela"]
[Black "McLeod"]
[WhiteElo "1000"]
[BlackElo "1507"]
[PlyCount "40"]
[Result "0-1"]

1.e4 c5 2.d4 cxd4 3.Qxd4 Nc6 4.Qd3 Qc7 5.Nf3 Nb4 
6.Qc3 Nxc2+ 7.Kd2 Qxc3+ 8.Kxc3 Nxa1 9.b3 Nf6 
10.Bb2 Nxe4+ 11.Kb4 Nc2+ 12.Kc4 b5+ 13.Kd3 Nxf2+ 
14.Kxc2 Nxh1 15.Nc3 Bb7 16.Nxb5 Rc8+ 17.Bc3 a6 
18.Nbd4 g6 19.Bc4 Bg7 20.Kb2 O-O 0-1

[Event "HCL-C247"]
[Site "www.playchess.de"]
[Date "2001.04.20"]
[Round "8"]
[White "fabrizio"]
[Black "Edik"]
[WhiteElo "1399"]
[BlackElo "1240"]
[PlyCount "49"]
[Result "1-0"]

1.e4 c6 2.d4 d5 3.Nc3 dxe4 4.Nxe4 Bf5 5.Ng3 Bg6 
6.h4 h6 7.Nf3 Nd7 8.Bd3 Bxd3 9.Qxd3 Qc7 10.Bd2 
Ngf6 11.O-O-O O-O-O 12.Rhe1 e6 13.Qe2 Bd6 14.Ne5 
Rhf8 15.f4 Be7 16.f5 Nxe5 17.dxe5 Nd5 18.Qg4 exf5 
19.Nxf5 Qd7 20.Ba5 b6 21.Nxe7+ Kb7 22.Qxd7+ Rxd7 
23.Bb4 Rxe7 24.Bxe7 Nxe7 25.Rd7+ 1-0

[Event "HCL-B257"]
[Site "www.playchess.de"]
[Date "2001.04.20"]
[Round "4"]
[White "raichu"]
[Black "chucaniam"]
[WhiteElo "1850"]
[BlackElo "1397"]
[PlyCount "31"]
[Result "1-0"]

1.d4 {Ciao, hello.}  Nf6 {hello friends}  2.c4 e6 
3.Nc3 Bb4 4.a3 Bxc3+ 5.bxc3 c5 6.Nf3 O-O 7.e3 cxd4 
8.cxd4 d5 9.Bd3 Bd7 10.O-O Nc6 11.Bd2 Rc8 12.c5 b6 
13.cxb6 Qxb6 14.Rb1 Qc7 15.Qe2 Rcb8 
16.h3 1-0

[Event "ACL-A134"]
[Site "www.playchess.de"]
[Date "2001.04.20"]
[Round "27"]
[White "thales"]
[Black "Karen"]
[WhiteElo "1500"]
[BlackElo "1500"]
[PlyCount "78"]
[Result "0-1"]

1.d4 Nf6 2.Nf3 d5 3.Bf4 e6 4.e3 Bb4+ 5.c3 Bd6 
6.Bxd6 Qxd6 7.Nbd2 O-O 8.Be2 b6 9.c4 c6 10.Nb3 
dxc4 11.Bxc4 Qb4+ 12.Nfd2 Na6 13.O-O Bb7 14.a3 Qe7 
15.Nf3 Rfd8 16.Qe2 Nc7 17.Rac1 a5 18.Nbd2 Na6 
19.Ne5 c5 20.Ndf3 Qe8 21.Bb5 Qf8 22.Nc6 Rdc8 
23.Nfe5 Nb8 24.Nxb8 Raxb8 25.dxc5 Rxc5 26.Nf3 Rbc8 
27.Rxc5 Qxc5 28.Ba6 Bxa6 29.Qxa6 g6 30.Qb7 Nd5 
31.Ne5 Rc7 32.Qb8+ Kg7 33.Qd8 Nf6 34.Nf3 Rd7 
35.Qb8 Ne4 36.Nd4 Nd2 37.Rd1 e5 38.g3 exd4 39.Rxd2 
Qc1+ 0-1

[Event "HCL-B226"]
[Site "www.playchess.de"]
[Date "2001.04.20"]
[Round "19"]
[White "ragadous"]
[Black "Denzil"]
[WhiteElo "1559"]
[BlackElo "1737"]
[PlyCount "43"]
[Result "1-0"]

1.d4 Nf6 2.c4 g6 3.Nc3 Bg7 4.e4 d6 5.f3 Nc6 6.Nge2 
Be6 7.d5 Bd7 {oops!}  8.dxc6 Bxc6 9.Be3 {why sac 
the knightc1}  O-O {It was a mistake!}  10.Qd2 {i 
know what it is like??playing translighter i typed 
a5 c5 when it should have been c7 and lostd1}  a6 
11.Bh6 Bxh6 12.Qxh6 b5 13.Nd4 Bb7 14.cxb5 axb5 
15.Bxb5 c5 16.Nc6 Bxc6 17.Bxc6 Ra6 18.Bb5 Ra5 
19.O-O Nd7 20.Bxd7 Qxd7 21.Nd5 e6 
22.Nf6+ 1-0

[Event "HCL-B261"]
[Site "www.playchess.de"]
[Date "2001.04.20"]
[Round "3"]
[White "Chessamateur"]
[Black "chucaniam"]
[WhiteElo "1577"]
[BlackElo "1397"]
[PlyCount "29"]
[Result "1-0"]

1.d4 {Hello and good luck.}  Nf6 2.Nf3 e6 {hello 
friends}  3.Bg5 Be7 4.Nbd2 O-O 5.e3 h6 6.Bxf6 Bxf6 
7.Ne4 Be7 8.c4 d5 9.cxd5 exd5 10.Nc3 Bg4 11.Be2 c5 
12.dxc5 Bxc5 13.Qxd5 Bb4 14.Qxb7 Bxc3+ 
15.bxc3 1-0

[Event "HCL-B260"]
[Site "www.playchess.de"]
[Date "2001.04.20"]
[Round "8"]
[White "Worf"]
[Black "Jags2001"]
[WhiteElo "1615"]
[BlackElo "1200"]
[PlyCount "59"]
[Result "1-0"]

1.d4 {hello, good game !}  d5 2.Nf3 Nc6 3.Bf4 Bf5 
4.c3 Nf6 5.Qb3 b6 6.e3 a6 7.Nbd2 e6 8.Qa4 Qd7 9.b4 
Bd6 10.b5 Na5 11.Bxd6 cxd6 12.Nb3 O-O 13.Nxa5 axb5 
14.Qxb5 Qxb5 15.Bxb5 Rxa5 16.a4 Rc8 17.O-O Rxc3 
18.Rfc1 Rxc1+ 19.Rxc1 Ra8 20.Rc6 Rb8 21.Rxd6 Ne4 
22.Rc6 Nc3 23.Rxc3 h6 24.h3 Be4 25.Ne5 f6 26.Nd7 
Rb7 27.Rc8+ Kh7 28.f3 Bf5 29.g4 Bg6 
30.Nf8+ 1-0

[Event "ACL-A138"]
[Site "www.playchess.de"]
[Date "2001.04.20"]
[Round "22"]
[White "andersonmello"]
[Black "jalal"]
[WhiteElo "1500"]
[BlackElo "1426"]
[PlyCount "110"]
[Result "0-1"]

1.e4 e6 2.d4 d5 3.e5 c5 4.c3 Nc6 5.Nf3 Qb6 6.Be2 
Nge7 7.O-O Ng6 8.Be3 Qxb2 9.Nbd2 c4 10.Qc1 Ba3 
11.Nb1 Qxc1 12.Bxc1 Bxc1 13.Rxc1 Bd7 14.Na3 Nce7 
15.Rcb1 b6 16.Nb5 Bxb5 17.Rxb5 h6 18.Rab1 Kd7 
19.a4 Nc6 20.Bd1 Nf4 21.Ne1 Kc7 22.g3 Nh3+ 23.Kg2 
Ng5 24.f4 Ne4 25.Rc1 Na5 26.Nf3 Rhb8 27.Kf1 a6 
28.Rb2 Ra7 29.Nd2 f5 30.Nxe4 fxe4 31.Rcb1 Nc6 
32.Bg4 Nd8 33.Bh5 Rab7 34.Be8 Nc6 35.Bf7 Kd7 36.h4 
Ke7 37.Bg6 b5 38.Bh5 b4 39.Ke1 a5 40.Kd1 Kd7 
41.Kc2 Ne7 42.Bg4 g6 43.Bh3 Nf5 44.Bxf5 gxf5 
45.Kd1 Kc6 46.cxb4 axb4 47.Ra1 b3 48.Kd2 Rg7 
49.Rg1 Ra8 50.Kc3 Rxa4 51.h5 Rga7 52.g4 R4a2 
53.gxf5 Rxb2 54.fxe6 Rc2+ 55.Kb4 
Rb7+ 0-1

[Event "HCL-B260"]
[Site "www.playchess.de"]
[Date "2001.04.20"]
[Round "12"]
[White "jorgenio"]
[Black "Worf"]
[WhiteElo "1460"]
[BlackElo "1615"]
[PlyCount "42"]
[Result "0-1"]

1.d4 d5 2.e3 c6 3.Bd3 Nf6 4.Nd2 Bg4 5.Ne2 e6 6.O-O 
Bd6 7.f4 Nbd7 8.Nf3 Qe7 9.Ne5 h5 10.c4 dxc4 
11.Bxc4 Ne4 12.Qc2 Nef6 13.Ng3 Nb6 14.Bd3 h4 
15.Nxf7 Kxf7 16.Bg6+ Kg8 17.Nh1 c5 18.f5 Rc8 19.d5 
exd5 20.Nf2 Qe5 21.Nd3 Qxh2+ 0-1

[Event "HCL-B260"]
[Site "www.playchess.de"]
[Date "2001.04.20"]
[Round "14"]
[White "jorgenio"]
[Black "O_Man"]
[WhiteElo "1460"]
[BlackElo "1180"]
[PlyCount "36"]
[Result "0-1"]

1.Nf3 d5 2.c4 Nf6 3.c5 e5 4.Nxe5 Bxc5 5.d4 Bb4+ 
6.Nc3 Nc6 7.Qa4 Bxc3+ 8.bxc3 Bd7 9.Bg5 Nxe5 
10.dxe5 Bxa4 11.exf6 gxf6 12.Bh4 Qe7 13.f3 O-O-O 
14.Bf2 b6 15.g3 d4 16.Bxd4 Rxd4 17.cxd4 Qb4+ 
18.Kf2 Qxd4+ 0-1

[Event "HCL-B266"]
[Site "www.playchess.de"]
[Date "2001.04.20"]
[Round "2"]
[White "Think"]
[Black "Iron_Flower"]
[WhiteElo "1810"]
[BlackElo "1110"]
[PlyCount "20"]
[Result "0-1"]

1.e4 {Hi I wish you good look for this tour!}  d5 
{Thx, same to you, from Leeuwarden,the 
Netherlands}  2.exd5 {what's your profession?}  
Qxd5 {I'm a librarian, and you?}  3.Nc3 {I am 
still pupil at grammar school.}  Qa5 4.d4 c6 5.Nf3 
Bg4 6.Bd2 Qc7 7.d5 Nf6 8.dxc6 Nxc6 9.h3 Bh5 10.Bb5 
{I go on holiday!}  a6 {Have fun!} 
 0-1

[Event "HCL-C243"]
[Site "www.playchess.de"]
[Date "2001.04.20"]
[Round "5"]
[White "DJFisherman"]
[Black "ZenPuppie"]
[WhiteElo "1000"]
[BlackElo "747"]
[PlyCount "30"]
[Result "0-1"]

1.e4 {Good Luck !}  e5 2.a3 b6 {yes, have fun!}  
3.Qf3 Nf6 4.Bc4 Bb7 5.d3 h6 6.Ne2 Bc5 7.b4 d5 
8.exd5 Be7 9.Bb2 Qd6 10.Nbc3 c6 11.Ne4 Qc7 12.d6 
Bxd6 13.Nxf6+ gxf6 14.Qxf6 Rh7 {fyi - away 4 the 
weekend}  15.Ng3 Qe7 0-1

[Event "HCL-B266"]
[Site "www.playchess.de"]
[Date "2001.04.20"]
[Round "9"]
[White "SAROS"]
[Black "Think"]
[WhiteElo "1276"]
[BlackElo "1810"]
[PlyCount "33"]
[Result "1-0"]

1.e4 {Hello from Istanbul}  e6 {hi from Dreden}  
2.d4 d5 {what's your profession?}  3.e5 {working 
at a bank as an operation manager}  c5 4.c3 Nc6 
5.Nf3 Nge7 6.Bb5 cxd4 7.cxd4 a6 8.Ba4 Qa5+ 9.Bd2 
Qb6 10.Bc3 Ng6 11.O-O Be7 12.Qb3 Qxb3 13.Bxb3 Bd7 
14.Nbd2 b5 15.Nb1 b4 {I go on holiday!}  16.Bd2 
O-O 17.a3 1-0

[Event "HCL-B268"]
[Site "www.playchess.de"]
[Date "2001.04.20"]
[Round "5"]
[White "Franky"]
[Black "didiet68"]
[WhiteElo "1786"]
[BlackElo "1696"]
[PlyCount "57"]
[Result "1-0"]

1.e4 {Halo, apa kabar}  e5 {baik...wah..dari indo 
juga/..halo apa kabar..dari daerah mana..?}  2.d4 
{Jakarta...Anda  sendiri dari...}  exd4 {saya dari 
makassar, umur/pekerjaan..??}  3.c3 d5 4.exd5 Qxd5 
5.cxd4 Bb4+ 6.Nc3 Nf6 7.Nf3 O-O 8.Be2 Re8 9.O-O 
Qa5 10.Bd2 c6 11.Re1 Bg4 12.a3 Be7 13.Ng5 Bxe2 
14.Qb3 Nd5 15.Rxe2 Qb6 16.Qc2 g6 17.Rae1 Qd8 
18.Qb3 Qd7 19.R2e5 Na6 20.Nxf7 Nac7 21.Nh6+ Kh8 
22.Qxb7 Reb8 23.R5xe7 Nxe7 24.Bf4 Nf5 25.Be5+ Ng7 
26.Qxc7 Qxc7 27.Bxc7 Rxb2 28.f4 a5 
29.Ne4 1-0

[Event "HCL-C269"]
[Site "www.playchess.de"]
[Date "2001.04.20"]
[Round "9"]
[White "Leon"]
[Black "Stephen21"]
[WhiteElo "1644"]
[BlackElo "1175"]
[PlyCount "45"]
[Result "1-0"]

1.e4 {Hello Stephen.}  d5 2.exd5 Qxd5 {Hi Leon, 
How is it?}  3.Nc3 {Very good. I hope you enjoy 
the game.}  Qf5 {yeah i hope you too. Do you play 
much?}  4.Nf3 {Yeah, I do. Do you?}  Nf6 {Yeah.. 
me too. But sometimes i make to much mistakes :<}  
5.d4 {Do you study chess by reading books?}  b6 
{No. When i was 10 i had all my diploma's at 
primary school.After that i just played chess}  
6.Bc4 Be6 {do you read books than?}  7.Qe2 Bxc4 
8.Qxc4 {Yes, I have several chess books. It's very 
helpful, your game improves almost immediately.}  
c6 {ow yeah? but i like to have more experience 
just by playing chess..}  9.O-O {Chess is really 
deep to learn just by playing. The books give you 
the experience of 450 years.}  e6 {Wow... so that 
means you are a godo player now? ^_^}  10.Ne5 
{Well, I'm not that good, but I'm learning a lot 
by reading the books. You should try it.}  Nd5 
{maybe, when i have time for it. Cause i am busy 
enough with school}  11.Nxc6 {What do you study?}  
Bd6 {computer science. and you?}  12.Nb5 O-O 
13.Nxd6 Qh5 14.Ne5 g6 15.Ndxf7 Nd7 16.Qc6 Nxe5 
17.Nxe5 Rac8 18.Qxe6+ Kg7 19.Qxd5 {What part of 
the Netherlands are you from?}  Rcd8 {South.. 
Rotteram. :p}  20.Qb7+ {What is the weather like 
right now?}  Kh8 21.Nf7+ Rxf7 22.Qxf7 Rxd4 23.Qf8+ 
{Good bye.}  1-0

[Event "HCL-B253"]
[Site "www.playchess.de"]
[Date "2001.04.20"]
[Round "20"]
[White "Clipso"]
[Black "peakbagger"]
[WhiteElo "1200"]
[BlackElo "1200"]
[PlyCount "48"]
[Result "0-1"]

1.d4 d5 2.e3 Nf6 3.Nf3 Bf5 4.Nh4 Bg6 5.Bb5+ c6 
6.Bd3 Bxd3 7.Qxd3 e6 8.a3 c5 9.Qb5+ Qd7 10.Qe2 Nc6 
11.c3 Be7 12.Nd2 e5 13.dxe5 Nxe5 14.Nb3 O-O 15.O-O 
c4 16.Na5 Bd6 17.Nf3 h6 18.h3 b6 19.Nb3 cxb3 
20.Qa6 Nxf3+ 21.gxf3 Qxh3 22.e4 Bh2+ 23.Kh1 Be5+ 
24.Kg1 {Congratulation!!}  Qh2+ {Thanks mate  - 
until we meet again !}  0-1

[Event "HCL-B268"]
[Site "www.playchess.de"]
[Date "2001.04.20"]
[Round "18"]
[White "Matu"]
[Black "chucaniam"]
[WhiteElo "1563"]
[BlackElo "1366"]
[PlyCount "23"]
[Result "1-0"]

1.e4 e5 2.Nf3 Nc6 3.Bc4 d6 4.h3 Be7 5.Nc3 Nf6 
6.O-O O-O 7.d3 Bd7 8.a3 Na5 9.Ba2 c5 10.Nd5 Nxd5 
11.exd5 b5 12.b4 1-0

[Event "ACL-A142"]
[Site "www.playchess.de"]
[Date "2001.04.20"]
[Round "6"]
[White "chucaniam"]
[Black "dgrudny"]
[WhiteElo "1669"]
[BlackElo "1307"]
[PlyCount "20"]
[Result "0-1"]

1.e4 e5 2.Nf3 Nc6 3.Bb5 Bc5 4.Nxe5 Nxe5 5.d4 c6 
6.Be2 Bb6 7.dxe5 Qh4 8.O-O Qxe4 9.Re1 Ne7 10.Bf3 
Qg6 0-1

[Event "HCL-C270"]
[Site "www.playchess.de"]
[Date "2001.04.20"]
[Round "20"]
[White "craigsadler"]
[Black "MEATHEAD"]
[WhiteElo "800"]
[BlackElo "955"]
[PlyCount "80"]
[Result "0-1"]

1.e4 e5 2.Nf3 d6 3.d4 Nc6 4.dxe5 dxe5 5.Qxd8+ Nxd8 
6.Nxe5 Bd6 7.Nf3 f6 8.Bc4 Ne7 9.O-O Ndc6 10.Nc3 
Nb4 11.Bb3 Nxc2 12.Bxc2 Bg4 13.Nd2 c6 14.h3 Be6 
15.Re1 O-O 16.Nf3 Ng6 17.e5 fxe5 18.Bxg6 hxg6 
19.Nxe5 Bxe5 20.Rxe5 Rae8 21.Rg5 Bf5 22.g4 Re1+ 
23.Kg2 Bd3 24.Na4 Be4+ 25.Kg3 Rf3+ 26.Kg2 Re2 
27.Nc3 Rexf2+ 28.Kg1 R2f1+ 29.Kh2 R3f2+ 30.Kg3 
Rg2+ 31.Kh4 Bd3 32.a4 Rh1 33.Ra3 Rxc1 34.b4 Rh1 
35.Na2 Bc4 36.Nc3 Rgh2 37.Ne4 Bf1 38.Nf6+ Kf7 
39.Ne4 R2xh3+ 40.Rxh3 Rxh3+ 0-1

[Event "ACL-A153"]
[Site "www.playchess.de"]
[Date "2001.04.20"]
[Round "6"]
[White "starcity"]
[Black "Dubious_Logic"]
[WhiteElo "1500"]
[BlackElo "1500"]
[PlyCount "54"]
[Result "0-1"]

1.e4 c5 {my best wishes on an enjoyable game and 
match!}  2.Bc4 e6 {so much for getting into a 
Najdorf :(}  3.d3 {ceerio}  d5 4.exd5 exd5 5.Bb5+ 
Nc6 {interesting approach - I've played against a 
lot of anti-Sicilians but never the 2.Bc4 line 
before}  6.Bxc6+ bxc6 7.Nf3 Bd6 8.O-O Ne7 9.Bg5 
O-O 10.Nbd2 f6 11.Bh4 Nf5 12.Re1 Nxh4 13.Nxh4 g5 
14.Nhf3 g4 15.Nh4 f5 16.g3 Qf6 17.c3 f4 18.Ng2 Rb8 
19.Rb1 Bf5 20.Nh4 fxg3 21.fxg3 Bxd3 22.Qxg4+ Kh8 
23.Re6 Qf2+ 24.Kh1 {alas...}  Bxb1 25.Re2 Be4+ 
26.Nhf3 {you gonna win...}  Qxe2 {it is looking 
rather good for black}  27.Nxe4 
Rxf3 0-1

[Event "ACL-A157"]
[Site "www.playchess.de"]
[Date "2001.04.20"]
[Round "6"]
[White "chico"]
[Black "jjbranc"]
[WhiteElo "1759"]
[BlackElo "1571"]
[PlyCount "61"]
[Result "1-0"]

1.e4 e5 2.Nf3 Nc6 3.Bc4 d6 4.Nc3 g6 5.d3 Bg7 6.Ng5 
Nh6 7.h3 O-O 8.Be3 Nd4 9.g4 Qf6 10.Nd5 Qd8 11.c3 
Ne6 12.Nxe6 Bxe6 13.Qd2 Kh8 14.Bxh6 Bxh6 15.Qxh6 
g5 16.Nf6 Qxf6 17.Qxf6+ Kg8 18.Qxg5+ Kh8 19.Bxe6 
fxe6 20.O-O-O Rfg8 21.Qf6+ Rg7 22.Qxe6 Rag8 
23.Rdf1 R7g6 24.Qc4 c5 25.f4 exf4 26.Rxf4 b6 
27.Rhf1 h6 28.Qa6 R8g7 29.R4f8+ Kh7 30.Qc8 a5 
31.Rh8+ 1-0